Countries in 1880 - Statistics

General Stats
  • This quiz has been taken 76 times
  • The average score is 44 of 117
Answer Stats
Country % Correct
Germany
98%
Portugal
97%
France
95%
Russia
95%
Spain
95%
United Kingdom
95%
Denmark
94%
United States
94%
China
92%
Ottoman Empire
92%
Japan
90%
Mexico
90%
Argentina
87%
Belgium
87%
Netherlands
87%
Canada
85%
Greece
85%
Italy
84%
Austria-Hungary
82%
Brazil
82%
Colombia
79%
Uruguay
79%
Chile
77%
Korea
76%
Andorra
74%
Ethiopia
74%
Luxembourg
74%
Peru
74%
Venezuela
74%
Honduras
73%
Paraguay
73%
Bolivia
69%
Costa Rica
69%
Ecuador
69%
Guatemala
68%
San Marino
68%
Switzerland
68%
Nicaragua
66%
Persia
66%
Monaco
65%
Rumania
65%
Siam
65%
Serbia
63%
Bulgaria
61%
El Salvador
61%
Haiti
56%
Liberia
56%
Liechtenstein
55%
Nepal
53%
Dominican Republic
50%
Bhutan
48%
Morocco
47%
Sweden - Norway
44%
Montenegro
42%
Tunis
39%
Hawaii
32%
Brunei
27%
Burma
27%
Tonga
24%
Benin
21%
Orange Free State
21%
Samoa
19%
Zanzibar
19%
Maldives
18%
Kong
11%
Dahomey
10%
Burundi
8%
Ha'il
8%
Sikkim
8%
Buganda
6%
Sokoto
6%
Tahiti
5%
Johor
3%
Kongo
3%
Sarawak
3%
Sulu
3%
Aro
2%
Ashanti
2%
Bora Bora
2%
Bornu
2%
Gera
2%
Huahine
2%
Jolof
2%
Luba
2%
Matabeleland
2%
Muscat and Oman
2%
Ouaddai
2%
Raiatea
2%
Rapa Nui
2%
Ankole
0%
Baguirmi
0%
Bunyoro
0%
Dai Nam
0%
Futa Jallon
0%
Futa Toro
0%
Garo
0%
Gomma
0%
Gumma
0%
Janjero
0%
Jimma
0%
Kaffa
0%
Kenedougou
0%
Khasson
0%
Koya Temne
0%
Limmu Ennarea
0%
Loango
0%
Lunda
0%
Manipur
0%
Negeri Sembilan
0%
Oyo
0%
Pahang
0%
Rarotonga
0%
Selangor
0%
Toucouleur
0%
Wassoulou
0%
Welayta
0%
Yeke
0%
No matching quizzes found
Score Distribution
Percent of People with Each Score
Percentile by Number Answered
Your Score History
You have not taken this quiz